| 000 | 00757nam a22001817a 4500 | ||
|---|---|---|---|
| 005 | 20240927124711.0 | ||
| 010 | _aHIN-128504 | ||
| 020 |
_a9788179882368 _c100.00 |
||
| 035 | _aHN-100850 | ||
| 037 | _bDBAD | ||
| 082 | _a796 | ||
| 100 |
_aपांडेय, एल एम _972118 |
||
| 245 |
_aखेल कूद के नियम/ _cएल एम पांडेय |
||
| 260 |
_aहल्द्वानी _bअंकित प्रकाशन _c2022 |
||
| 270 |
_aचन्द्रावती कालोनी पीलीकोठी _bहल्द्वानी _e263139 _k8191032884 _mankitprakashan@gmail.com |
||
| 300 |
_a142 पृ. _c22 सेमी (अजिल्द) |
||
| 942 |
_2ddc _cHN _h796 _mपांडेय |
||
| 999 |
_c205971 _d205971 |
||